000 00894nam a2200277 4500
001 12343
003 ES-MaACL
005 20250906063033.0
007 t|
008 890915s1982 sp a ||||0| spa j
016 7 _zIBH82008369
020 _a84-500-7752-4
040 _aIBH
_bspa
_cM-BN-DP
080 _a929 Ciruelos, Modesto
080 _a75 Ciruelos, Modesto
100 1 _aCastro Arines, José de,
_d1913-1997
_936907
245 1 0 _aCiruelos
_b: crónica de una anticipación /
_cJosé de Castro Arines.
260 _aBurgos :
_bDiputación Provincial,
_cD.L. 1982.
300 _a125 p., 1 h :
_bil. neg. y col ;
_c29 cm.
490 1 _aSerie Artistas Burgaleses
504 _aBibliografía: p. 123-124.
600 1 4 _aCiruelos, Modesto.
_938905
830 0 _aSerie Artistas Burgaleses
_9228292
852 _aES-MaACL
_jL-19632
_bR.122752
999 _c12343
_d12343